000 01549nam0a2200313 i 4500
001 RU\NLR\bibl\2042679
005 20260408102614.0
010 _a9785905897269
_9111
021 _aRU
_b2013-39295
_92696
035 _a(NLR Aleph) 002029943
090 _a4545585
_c4545585
100 _a20130613d2013 k y0rusy50 ca
101 0 _arus
102 _aRU
105 _ay |||||||||
200 1 _aТенденции и инновации современной науки
_eматериалы VI Международной научно-практической конференции (19 февраля 2013 г.)
_eтезисы докладов
_f[редкол.: Бисалиев Р.В. и др.]
210 _aКраснодар
_cАприори
_d2013
215 _a103 с.
_d21
300 _aВ надзаг.: Науч. изд. центр Априори
606 _aИнновации научные
_jСъезды, совещания и т.п.
_92092891
_3RU\NLR\auth\661266599
686 _aЧ21я431
702 1 _4070
_aБисалиев
_bР. В.
_gРафаэль Валерьевич
_9139129
_3RU\NLR\AUTH\770139164
711 1 2 _a"Тенденции и инновации современной науки", международная научно-практическая конференция
_d6
_f2013
_eКраснодар
_3RU\NLR\AUTH\8810241655
_9369232
801 0 _aRU
_bNLR
_c20130613
_gRCR
801 1 _aRU
_bNLR
_c20130613
830 _aпо эк
942 _cBOOK
980 _aNBR